Living sunlight, how plants bring the earth to life. (Record no. 106397)
[ view plain ]
| 000 -LEADER | |
|---|---|
| fixed length control field | 00463nam a2200169 a 4500 |
| 005 - DATE AND TIME OF LATEST TRANSACTION | |
| control field | 20140412111432.0 |
| 008 - FIXED-LENGTH DATA ELEMENTS--GENERAL INFORMATION | |
| fixed length control field | 131010s19uu xx 00 eng d |
| 020 ## - INTERNATIONAL STANDARD BOOK NUMBER | |
| International Standard Book Number | 9780545227131 |
| 050 ## - LIBRARY OF CONGRESS CALL NUMBER | |
| Classification number | M 582.1 |
| Item number | Ba225 2009 |
| 100 ## - MAIN ENTRY--PERSONAL NAME | |
| Personal name | Bang, Molly |
| 245 ## - TITLE STATEMENT | |
| Title | Living sunlight, how plants bring the earth to life. |
| 260 ## - PUBLICATION, DISTRIBUTION, ETC. (IMPRINT) | |
| Place of publication, distribution, etc | New York : |
| Name of publisher, distributor, etc | Scholastic, Inc, |
| Date of publication, distribution, etc | c2009. |
| 300 ## - PHYSICAL DESCRIPTION | |
| Extent | p30 |
| 650 ## - SUBJECT ADDED ENTRY--TOPICAL TERM | |
| Topical term or geographic name as entry element | Plants- |
| General subdivision | sunlight |
| 700 ## - ADDED ENTRY--PERSONAL NAME | |
| Personal name | Penny Chesholm |
| Withdrawn status | Lost status | Damaged status | Use restrictions | Home library | Current library | Shelving location | Date acquired | Source of acquisition | Cost, normal purchase price | Total Checkouts | Full call number | Barcode | Date last seen | Price effective from | Koha item type |
|---|---|---|---|---|---|---|---|---|---|---|---|---|---|---|---|
| Elizalde Library | Elizalde Library | Main Section | 10/10/2013 | 315.00 | M 582.1 Ba225 2009 | E11665 | 04/12/2014 | 04/12/2014 | Books |